000 01306nam a22003617a 4500
001 849
005 20230711145646.0
008 230711b cb ||||| |||| 00| 0 eng d
020 _a9780062278104 (hardcover)
040 _aDLC
_beng
_cDLC
_erda
_dDLC
050 0 0 _aPZ7.B93515
_bTed 2015
082 0 0 _a813.6
_223
100 1 _aBurnham, Molly B.,
_eauthor.
245 1 0 _aTeddy Mars :
_balmost a world record breaker /
_cMolly B. Burnham ; illustrations by Trevor Spencer.
246 3 0 _aAlmost a world record breaker
250 _aFirst Scholastic printing, October 2015.
260 _aNew York :
_bScholastic,
_c2015.
300 _a215 pages ;
_c20 cm
490 0 _aTeddy Mars ;
_vBook 1
505 _aP
520 _aTen-year-old Teddy Mars seeks to stand apart from his six siblings, none of whom could be called "normal," by earning a listing in the Guinness Book of World Records.
521 1 _a620
_bLexile
521 1 _aP
_bRaz-Plus
650 1 _aSiblings
_vFiction.
650 1 _aFamily life
_vFiction.
650 1 _aFriendship
_vFiction.
650 1 _aPigeons
_vFiction.
650 1 _aWorld records
_vFiction.
650 1 _aHumorous stories.
700 1 _aSpencer, Trevor
_c(Artist),
_eillustrator.
906 _a7
_bcbc
_corignew
_d1
_eecip
_f20
_gy-gencatlg
942 _2ddc
_cBK
_n0
999 _c849
_d849